000 00641nam a2200217Ia 4500
005 20250117110412.0
008 008 250114s9999 xx 000 0 eng d
020 _a9783031115646
037 _aTextual
040 _aCSL
_beng
_cCSL
041 _aeng
_2eng
084 _aJ5 R3.2-.3 Carb
_qCSL
100 _aDehgen, Bijan
245 0 _aGarden plants taxonomy
_cDehgen, Bijan
260 _aSwitzerland
_bSpringer
_c2023
300 _axlii, 680(Vol2), xxv, 1493p.(Vol.3) col.ill.
490 _vVol.2 "Angiosperms (Eudicots)"
650 _aBotany
942 _cTEXL
_hJ5 R3.2-.3 Carb
999 _c1238176
_d1238176